<?xml version="1.0" encoding="UTF-8"?>
<record
    xmlns:xsi="http://www.w3.org/2001/XMLSchema-instance"
    xsi:schemaLocation="http://www.loc.gov/MARC21/slim http://www.loc.gov/standards/marcxml/schema/MARC21slim.xsd"
    xmlns="http://www.loc.gov/MARC21/slim">

  <leader>03693cam a22004454a 4500</leader>
  <datafield tag="999" ind1=" " ind2=" ">
    <subfield code="c">27998</subfield>
    <subfield code="d">27998</subfield>
  </datafield>
  <controlfield tag="001">14000478</controlfield>
  <controlfield tag="005">20170213111209.0</controlfield>
  <controlfield tag="008">050613s2006    njua     b    001 0 eng  </controlfield>
  <datafield tag="010" ind1=" " ind2=" ">
    <subfield code="a">  2005049252</subfield>
  </datafield>
  <datafield tag="020" ind1=" " ind2=" ">
    <subfield code="a">0691124752 (cloth : alk. paper)</subfield>
  </datafield>
  <datafield tag="020" ind1=" " ind2=" ">
    <subfield code="a">0691124760 (pbk. : alk. paper)</subfield>
  </datafield>
  <datafield tag="020" ind1=" " ind2=" ">
    <subfield code="a">9780691124759</subfield>
  </datafield>
  <datafield tag="020" ind1=" " ind2=" ">
    <subfield code="a">9780691124766</subfield>
  </datafield>
  <datafield tag="035" ind1=" " ind2=" ">
    <subfield code="a">(OCoLC)ocm60669116</subfield>
  </datafield>
  <datafield tag="042" ind1=" " ind2=" ">
    <subfield code="a">pcc</subfield>
  </datafield>
  <datafield tag="043" ind1=" " ind2=" ">
    <subfield code="a">e------</subfield>
  </datafield>
  <datafield tag="050" ind1="0" ind2="0">
    <subfield code="a">N7850 .M56 2006</subfield>
  </datafield>
  <datafield tag="245" ind1="0" ind2="4">
    <subfield code="a">The mind's eye :</subfield>
    <subfield code="b">art and theological argument in the Middle Ages /</subfield>
    <subfield code="c">edited by Jeffrey F. Hamburger and Anne-Marie Bouch&#xE9;.</subfield>
  </datafield>
  <datafield tag="260" ind1=" " ind2=" ">
    <subfield code="a">Princeton, N.J. :</subfield>
    <subfield code="b">Department of Art and Archaeology, Princeton University in association with Princeton University Press,</subfield>
    <subfield code="c">c2006.</subfield>
  </datafield>
  <datafield tag="300" ind1=" " ind2=" ">
    <subfield code="a">xiv, 447 p. :</subfield>
    <subfield code="b">ill. ;</subfield>
    <subfield code="c">29 cm.</subfield>
  </datafield>
  <datafield tag="504" ind1=" " ind2=" ">
    <subfield code="a">Includes bibliographical references and index.</subfield>
  </datafield>
  <datafield tag="505" ind1="0" ind2=" ">
    <subfield code="a">The place of theology in medieval art history: problems, positions, possibilities / Jeffrey F. Hamburger -- Anthropology and the use of religious images in the Opus Caroli Regis (Libri Carolini) / Karl F. Morrison -- Replica: images of identity and the identity of images in prescholastic France / Brigitte Miriam Bedos-Rezak -- Is there a theology of the Gothic cathedral? a re-reading of Abbot Suger's writings on the abbey church of St.-Denis / Andreas Speer -- Christ and the vision of God: the Biblical diagrams of the Codex Amiatinus / Celia Chazelle -- Raban Maur, Bernard de Clairvauz, Bonaventure: expression de l'espace et topographie spirituelle dans les images m&#xE9;di&#xE9;vales / Christian Heck -- Typology and its uses in the moralized Bible / Christopher Hughes -- L'Exception corporelle: &#xE0; propos de l'Assomption de Marie / Jean-Claude Schmitt -- Theologians as Trinitarian iconographers / Bernard McGinn -- Seeing and seeing beyond: the mass of St. Gregory in the fifteenth century / Caroline Walker Bynum -- Porous subject matter and Christ's haunted infancy / Alfred Acres -- Love's arrows: Christ as cupid in late medieval art and devotion / Barbara Newman -- Moving images in the mind's eye / Mary Carruthers -- Vox Imaginis: anomaly and enigma in Romanesque art / Anne-Marie Bouch&#xE9; -- Seeing as action and passion in the thirteenth and fourteenth centuries / Katherine H. Tachau -- "As far as the eye can see...": rituals of gazing in the late middle ages / Thomas Lentes -- the medieval work of art: wherein the "work"? wherein the "art"? / Jeffery R. Hamburger -- Turning a blind eye: medieval art andt he dynamics of contemplation / Herbert L. Kessler.</subfield>
  </datafield>
  <datafield tag="546" ind1=" " ind2=" ">
    <subfield code="a">Two contributions in French.</subfield>
  </datafield>
  <datafield tag="650" ind1=" " ind2="0">
    <subfield code="a">Art, Medieval.</subfield>
  </datafield>
  <datafield tag="650" ind1=" " ind2="0">
    <subfield code="a">Christian art and symbolism</subfield>
    <subfield code="y">Medieval, 500-1500.</subfield>
  </datafield>
  <datafield tag="650" ind1=" " ind2="0">
    <subfield code="a">Christianity and art</subfield>
    <subfield code="z">Europe.</subfield>
  </datafield>
  <datafield tag="650" ind1=" " ind2="0">
    <subfield code="a">Image (Theology)</subfield>
  </datafield>
  <datafield tag="650" ind1=" " ind2="0">
    <subfield code="a">Theology.</subfield>
  </datafield>
  <datafield tag="700" ind1="1" ind2=" ">
    <subfield code="a">Hamburger, Jeffrey F.,</subfield>
    <subfield code="d">1957-</subfield>
  </datafield>
  <datafield tag="700" ind1="1" ind2=" ">
    <subfield code="a">Bouch&#xE9;, Anne-Marie.</subfield>
  </datafield>
  <datafield tag="856" ind1="4" ind2="2">
    <subfield code="3">Contributor biographical information</subfield>
    <subfield code="u">http://www.loc.gov/catdir/enhancements/fy0654/2005049252-b.html</subfield>
  </datafield>
  <datafield tag="856" ind1="4" ind2="2">
    <subfield code="3">Publisher description</subfield>
    <subfield code="u">http://www.loc.gov/catdir/enhancements/fy0654/2005049252-d.html</subfield>
  </datafield>
  <datafield tag="856" ind1="4" ind2="1">
    <subfield code="3">Table of contents only</subfield>
    <subfield code="u">http://www.loc.gov/catdir/enhancements/fy0801/2005049252-t.html</subfield>
  </datafield>
  <datafield tag="942" ind1=" " ind2=" ">
    <subfield code="2">lcc</subfield>
    <subfield code="c">BOOKS</subfield>
  </datafield>
  <datafield tag="952" ind1=" " ind2=" ">
    <subfield code="0">0</subfield>
    <subfield code="1">0</subfield>
    <subfield code="2">lcc</subfield>
    <subfield code="4">0</subfield>
    <subfield code="7">0</subfield>
    <subfield code="a">MUC</subfield>
    <subfield code="b">MUC</subfield>
    <subfield code="c">TECH</subfield>
    <subfield code="d">2017-02-13</subfield>
    <subfield code="e">Donation(BFA)</subfield>
    <subfield code="l">0</subfield>
    <subfield code="o">N7850 .M56 2006</subfield>
    <subfield code="p">35825</subfield>
    <subfield code="r">2018-07-16</subfield>
    <subfield code="w">2017-02-13</subfield>
    <subfield code="y">BOOKS</subfield>
  </datafield>
</record>
